00000000nam##2200000za#4500
0019.579177
003CaOODSP
00520210624190436
007cr |||||||||||
008150406|1998||||xxc|||||o    f|0| 0 eng|d
022 |a1488-5379
040 |aCaOODSP|beng
043 |an-cn---
0861 |aFs97-6/2240E-PDF
1101 |aCanada. |bDepartment of Fisheries and Oceans.
24510|aTrophic status and rearing capacity of smaller sockeye nursery lakes in the Skeena River System / |h[electronic resource]|cby K.S. Shortreed ... [et al.]
260 |aCultus Lake - British Columbia : |bFisheries and Oceans Canada |c1998.
300 |a86p.|bfigs.
4901 |aCanadian technical report of fisheries and aquatic sciences|x1488-5379|vNo. 2240
500 |aOn t. p.: Cultus Lake Salmon Research Laboratory, Cultus Lake, British Columbia. The catalogue number and ISSN for the print edition appear in the PDF version.
546 |a(Résumé en français)
590 |a14-06-Supp|b2014-03-21
7201 |aShortreed, K. S.
830#0|aCanadian technical report of fisheries and aquatic sciences,|x1488-5379|vNo. 2240|w(CaOODSP)9.504449
85640|ahttp://publications.gc.ca|qPDF|s4901 KB|uhttps://publications.gc.ca/collections/collection_2014/mpo-dfo/Fs97-6-2240-eng.pdf|yNo. 2240